Vliv vědeckotechnického rozvoje na vývoj dělby, charakteru a obsahu práce a na koncepci výchovy mládeže pro povolání /

Main Author: Zajíček, Zdeněk, 1922-1983
Other Authors: Aulehla, Vladimír, 1964-1989, Šimek, Dušan, 1950-
Language: Czech
Published: Praha : Výzkumný ústav odborného školství, 1981
Edition: 1. vyd.
Series: Publikace Výzkumného ústavu odborného školství. Teoretické studie
Physical Description: 115 s.
Book
Saved in:
LEADER 01503nam a22003492a 4500
001 000064008
003 CZ BrMZK
005 20090115085924.0
007 ta
008 010907s1981 xr f 000 cze d
015 |a cnb001509242 
035 |a (OCoLC)85660984 
040 |a BOA001  |b cze  |c BOA002 
080 9 |a 373.6 
080 9 |a 331.02 
080 9 |a 62.001.7 
100 1 |a Zajíček, Zdeněk,  |d 1922-1983  |7 jz8001461  |4 aut 
245 1 0 |a Vliv vědeckotechnického rozvoje na vývoj dělby, charakteru a obsahu práce a na koncepci výchovy mládeže pro povolání /  |c zpracovali Zdeněk Zajíček, Vladimír Aulehla, Dušan Šimek 
250 |a 1. vyd. 
260 |a Praha :  |b Výzkumný ústav odborného školství,  |c 1981 
300 |a 115 s. 
490 1 |a Publikace Výzkumného ústavu odborného školství. Teoretické studie 
504 |a Obsahuje bibliografii 
700 1 |a Aulehla, Vladimír,  |d 1964-1989  |7 xx0011475  |4 aut 
700 1 |a Šimek, Dušan,  |d 1950-  |7 jo2002105494  |4 aut 
830 0 |a Publikace Výzkumného ústavu odborného školství.  |p Teoretické studie 
910 |a BOA001  |b PK-N-0021.308  |b 4-0840.075 
964 |a Povolání - příprava - věda - technika - rozvoj - výzkumy 
964 |a Dělba práce - věda - technika - rozvoj - vlivy - studie 
990 |a BK 
996 7 |b 3119971353  |c PK-N-0021.308  |l MZK  |r Sklad / do 1 hodiny  |n 0  |w 000064008  |u 000010  |a 1  |e BOA001  |j MZK50  |s A 
996 6 |b BC-664976  |c 4-0840.075  |l MZK  |r Sklad / do 1 hodiny  |n 0  |w 000064008  |u 000020  |a 1  |e BOA001  |j MZK50  |s P